'T' Movies by Poster Quiz Stats

Quiz Updated Jul 30, 2016

Challenge
Share
Tweet
Score 0/20 Timer 05:00
7 Plays Today
% Correct
Titanic
99.2%
Toy Story
97.2%
The Terminator
95%
Tropic Thunder
80.9%
Twister
79.9%
Thor
74%
Three Amigos
72.7%
Taken
71.1%
The Texas Chainsaw Massacre 3D
59.7%
Team America: World Police
59%
% Correct
Top Gun
56.2%
True Grit
53.5%
The Theory of Everything
52.6%
Tootsie
50.9%
Troy
46.2%
The Truman Show
45.5%
This is Spinal Tap
45%
Trainspotting
44.3%
Transformers
39.9%
The Terminal
27%

You're not logged in!

Compare scores with friends on all Sporcle quizzes.
Sign Up with Email
OR
Log In

You Might Also Like...

Show Comments

Extras

Top Quizzes Today


Score Distribution

Your Account Isn't Verified!

In order to create a playlist on Sporcle, you need to verify the email address you used during registration. Go to your Sporcle Settings to finish the process.

Report this User

Report this user for behavior that violates our Community Guidelines.

Details: